Loading...
| Current Events | 1 | 10.00 | 100% | 0% | 0% |
| Fine Arts - Auditory Fine Arts | 2 | 25.00 | 100% | 100% | 50% |
| Fine Arts - Other Fine Arts | 5 | 18.00 | 100% | 40% | 40% |
| Fine Arts - Visual Fine Arts | 5 | 16.00 | 100% | 20% | 40% |
| History - American History | 5 | 18.00 | 80% | 80% | 20% |
| History - European History | 6 | 11.67 | 67% | 50% | 0% |
| History - Other History | 8 | 13.75 | 88% | 50% | 0% |
| History - World History | 8 | 20.00 | 100% | 63% | 38% |
| Literature - American Literature | 5 | 18.00 | 100% | 60% | 20% |
| Literature - British Literature | 5 | 20.00 | 100% | 80% | 20% |
| Literature - European Literature | 4 | 17.50 | 100% | 75% | 0% |
| Literature - World Literature | 4 | 22.50 | 100% | 75% | 50% |
| Mythology | 5 | 18.00 | 100% | 60% | 20% |
| Other Academic | 1 | 10.00 | 100% | 0% | 0% |
| Philosophy | 6 | 21.67 | 100% | 83% | 33% |
| Pop Culture | 2 | 15.00 | 100% | 50% | 0% |
| Religion | 5 | 16.00 | 100% | 40% | 20% |
| Science - Biology | 7 | 15.71 | 100% | 29% | 29% |
| Science - Chemistry | 6 | 8.33 | 67% | 17% | 0% |
| Science - Other Science | 5 | 18.00 | 100% | 40% | 40% |
| Science - Physics | 3 | 13.33 | 100% | 33% | 0% |
| Social Science | 4 | 25.00 | 100% | 75% | 75% |